000 00658nam a2200253 a 4500
003 AR-BaBNM
005 20251128204558.0
008 082120s2002 ||||||||||||||000 | spa||
020 _a84-236-2563-X
040 _cAR-BaBNM
100 1 _aBabbit, Natalie
245 0 0 _aEl otro libro de historias del diablo
260 _aBarcelona
_bEdebé
_c1991
300 _a88 p.
_bil.
490 0 _aTucán. Verde
_vv. 6
500 _aRecomendado para niños a partir de 9 años
650 4 _aLITERATURA INFANTIL
650 4 _aLIBROS PARA NIÑOS
650 4 _aHUMOR
653 _aCUENTOS DE MONSTRUOS
655 _aLITERATURA
942 _cBK
998 _cLAURA
999 _c8000
_d8000